| 000 | 00446nam a2200157Ia 4500 | ||
|---|---|---|---|
| 008 | 210210b1991 xxu||||| |||| 00| 0 eng d | ||
| 020 | _a81 224 0315 8 | ||
| 082 | _a547.05 MEHO | ||
| 100 | _aMEHROTRA (R C) & SINGH (Anirudh). | ||
| 245 | _aOrganometallic chemistry: a unified approach. | ||
| 260 |
_aN D _bWiley Eastern Ltd. _c1991 |
||
| 300 | _axii,634 | ||
| 650 | _aOrganometallic Chemistry | ||
| 690 | _aOrganic Chemistry | ||
| 906 | _a045910 | ||
| 999 |
_c95442 _d95442 |
||